<?xml version="1.0" encoding="UTF-8"?><?xml-stylesheet type="text/xsl" href="static/style.xsl"?><OAI-PMH xmlns="http://www.openarchives.org/OAI/2.0/" xmlns:xsi="http://www.w3.org/2001/XMLSchema-instance" xsi:schemaLocation="http://www.openarchives.org/OAI/2.0/ http://www.openarchives.org/OAI/2.0/OAI-PMH.xsd"><responseDate>2026-04-27T22:05:47Z</responseDate><request verb="GetRecord" identifier="oai:uvadoc.uva.es:10324/38687" metadataPrefix="marc">https://uvadoc.uva.es/oai/request</request><GetRecord><record><header><identifier>oai:uvadoc.uva.es:10324/38687</identifier><datestamp>2021-06-30T01:52:26Z</datestamp><setSpec>com_10324_38</setSpec><setSpec>col_10324_852</setSpec></header><metadata><record xmlns="http://www.loc.gov/MARC21/slim" xmlns:doc="http://www.lyncode.com/xoai" xmlns:xsi="http://www.w3.org/2001/XMLSchema-instance" xmlns:dcterms="http://purl.org/dc/terms/" xsi:schemaLocation="http://www.loc.gov/MARC21/slim http://www.loc.gov/standards/marcxml/schema/MARC21slim.xsd">
<leader>00925njm 22002777a 4500</leader>
<datafield tag="042" ind1=" " ind2=" ">
<subfield code="a">dc</subfield>
</datafield>
<datafield tag="720" ind1=" " ind2=" ">
<subfield code="a">Rico Gordo, Leticia</subfield>
<subfield code="e">author</subfield>
</datafield>
<datafield tag="260" ind1=" " ind2=" ">
<subfield code="c">2019</subfield>
</datafield>
<datafield tag="520" ind1=" " ind2=" ">
<subfield code="a">Este trabajo tiene por objeto mostrar cómo la nueva era digital ha incidido en la sociedad, especialmente en la economía y en el Derecho tributario, provocando un cambio en los modelos de negocio, en los que los activos intangibles y la no presencia física son el estandarte de los principales problemas en torno a la no tributación de las actividades digitales llevadas a cabo por empresas multinacionales.&#xd;
Para hacer frente a estas dificultades, la OCDE/G20 y la UE comenzaron a diseñar estrategias de adaptación de la normativa tributaria. Sin embargo, ante la falta de consenso entre países e instituciones, algunos Estados empezaron a establecer un impuesto digital nacional. Un claro ejemplo es España, con la llamada “tasa Google”.</subfield>
</datafield>
<datafield tag="024" ind2=" " ind1="8">
<subfield code="a">http://uvadoc.uva.es/handle/10324/38687</subfield>
</datafield>
<datafield tag="245" ind1="0" ind2="0">
<subfield code="a">La tributación de las actividades digitales. Especial referencia a la tasa Google</subfield>
</datafield>
</record></metadata></record></GetRecord></OAI-PMH>